banner koha

Impacto do Fogo em Campo Sujo no Parque Estadual do Biribiri, Minas Gerais, Brasil (Registro n. 340114)

MARC details
000 -LÍDER
fixed length control field 03199nab a2200313 i 4500
003 - CÓDIGO MARC DA AGÊNCIA CATALOGADORA
Campo de controle BR-BrBNA
005 - DATA E HORA DA ÚLTIMA ATUALIZAÇÃO
Campo de controle 20260220180048.0
008 - CAMPO DE TAMANHO FIXO
fixed length control field 260220b2017 bl.ar|pooa||| 00| 0 por |
040 ## - FONTE DA CATALOGAÇÃO
Agência catalogadora BR-BrBNA
Idioma da catalogação por
072 ## - CATEGORIA AGRIS
Código AGRIS K10
072 ## - CATEGORIA AGRIS
Código AGRIS K70
100 ## - ENTRADA PRINCIPAL - NOME PESSOAL
Nome pessoal Meira Junior, Milton Serpa de
100 ## - ENTRADA PRINCIPAL - NOME PESSOAL
Nome pessoal Pereira, Israel Marinho
100 ## - ENTRADA PRINCIPAL - NOME PESSOAL
Nome pessoal Machado, Evandro Luiz Mendonça
100 ## - ENTRADA PRINCIPAL - NOME PESSOAL
Nome pessoal Mota, Sílvia da Luz Lima
100 ## - ENTRADA PRINCIPAL - NOME PESSOAL
Nome pessoal Ribeiro, Pedro Sousa Silva de Paula
100 ## - ENTRADA PRINCIPAL - NOME PESSOAL
Nome pessoal Otoni, Thiago José Ornelas
245 ## - TÍTULO PRINCIPAL
Título principal Impacto do Fogo em Campo Sujo no Parque Estadual do Biribiri, Minas Gerais, Brasil
500 ## - NOTA GERAL
Nota geral Publicação on-line; 30 ref.; 2 tables; 2 illus.; Summaries (En, Pt)
942 ## - ADDED ENTRY ELEMENTS (KOHA)
Koha item type Analítica
520 ## - NOTA DE RESUMO
Nota de conteúdo <br/><br/>RESUMO<br/><br/>Objetivou-se avaliar a regeneração natural pós-fogo em uma área de campo sujo. Foram selecionados<br/>três ambientes; I e II, com ocorrência de fogo, e III, sem ocorrência. Em cada local foi instalado<br/>um transecto com 20 parcelas de 5 × 5 m (25 m2). Foram mensurados o diâmetro ao nível do<br/>solo (DNS), altura total e rebrota de todos os indivíduos com altura ≥ 0,10 m e DNS ≤ 5,0 cm.<br/>Nos ambientes I e II foram amostrados 436 e 387 indivíduos e 29 e 24 espécies, respectivamente.<br/>Já no ambiente III foram amostrados 741 indivíduos e 29 espécies. Houve diferença significativa<br/>no número de perfilhos, número de indivíduos e na área basal. Nos ambientes I e II, 72% e 88%,<br/>respectivamente, apresentaram indícios de rebrotamento. O incêndio modificou a estrutura da<br/>vegetação e a rebrota foi a principal estratégia utilizada pelas espécies nos locais com ocorrência<br/>de incêndio.<br/><br/>Palavras-chave: cerrado, incêndio florestal, regeneração natural, ecologia do fogo.<br/><br/><br/><br/><br/><br/><br/>Dry Grassland Post-fire Impacts in Biribiri State Park, Minas Gerais, Brazil<br/><br/>ABSTRACT<br/><br/>This study aimed to evaluate the natural post-fire regeneration in dry grassland. We selected three<br/>sites: I and II, with occurrence of fire and III with no occurrence. Each site received one transect<br/>with 20 plots of 5 × 5m (25m 2). Diameter at ground level (DNS), total height and regrowth of all<br/>individuals with height ≥ 0.10 m and DNS ≤ 5.0 cm were measured. Sites I and II, respectively,<br/>had 436 and 387 sampled individuals, and 29 and 24 species. Site III had 741 individuals and<br/>29 species sampled. There was a significant difference in the number of tiller, individuals and<br/>basal area. In sites I and II, 72% and 88%, respectively, showed signs of regrowth. The fire<br/>changed the structure of vegetation, and regrowth was the main strategy used by species in sites<br/>with fire occurrence.<br/><br/>Keywords: Brazilian savanna, wild fire, natural regeneration, fire ecology.
650 ## - ASSUNTO - THESAGRO
Cabeçalho tópico ou nome geográfico CERRADO
650 ## - ASSUNTO - THESAGRO
Cabeçalho tópico ou nome geográfico INCÊNDIO FLORESTAL
650 ## - ASSUNTO - THESAGRO
Cabeçalho tópico ou nome geográfico REGENERAÇÃO NATURAL
650 ## - ASSUNTO - THESAGRO
Cabeçalho tópico ou nome geográfico ECOLOGIA FLORESTAL
773 0# - ENTRADA ANALÍTICA
Host Biblionumber 2929
Registro do item 347945
Imprenta Rio de Janeiro-RJ Instituto de Florestas - UFRRJ 1994
Outro identificador 2025-0444
Título Floresta e Ambiente (Brazil)
ISSN 1415-0980 / ISSN 2179-8087 0nline
Colação v. 24 p. 1-9; (2017)
Número de controle de registro BR2025007423
856 ## - ACESSO E ENDEREÇO ELETRÔNICO
Identificador uniforme de recurso - URI https://www.scielo.br/j/floram/a/DgW4H8jf6h4ssLw5H47DgJQ/?format=pdf&lang=pt

Nenhum exemplar disponível.

BINAGRI

Telefone: (61)3218-2567/2388/3357/2097 - binagri@agro.gov.br

Ministério da Agricultura e Pecuária , Esplanada dos Ministérios, Bloco D, Anexo B, Brasília/DF, CEP: 70.043-900